000 00423nam a2200145Ia 4500
008 220216s9999 xx 000 0 und d
100 _aBhattacharjee Susmitha
245 0 _aTailoring polymer molecular structure in the EPDM slurry process
260 _bRubber Chemistry and Technology
_c2003
300 _a1057-1073
650 _aEPDM slurry process
700 _aBender Harald
700 _aPadliya Dilip
942 _cJS
999 _c70200
_d70200